书目信息 |
| 题名: |
崛起在1949
|
|
| 作者: | 陈敦德 著 | |
| 分册: | ||
| 出版信息: | 北京 世界知识出版社 2001.08 |
|
| 页数: | 357页 | |
| 开本: | 21cm | |
| 丛书名: | 陈敦德外交题材纪实文学系列 | |
| 单 册: | ||
| 中图分类: | D829 , I252 | |
| 科图分类: | ||
| 主题词: | 外交史--史料--中国--1949 , 报告文学--中国--1949 | |
| 电子资源: | ||
| ISBN: | 7-5012-1503-0 | |
| 000 | 00933oam2 2200277 45 | |
| 001 | 012001000000 | |
| 005 | 20041011091139.51 | |
| 010 | @a7-5012-1503-0@dCNY 21.00 | |
| 100 | @a20011107d2001 em y0chiy0120 ea | |
| 101 | 0 | @achi |
| 102 | @aCN@b110000 | |
| 105 | @ay z 000zy | |
| 200 | 1 | @a崛起在1949@Ajue qi zai 1949@e开国外交实录@Ekai guo wai jiao shi lu@f陈敦德著@Fchen dun de zhu |
| 210 | @a北京@c世界知识出版社@d2001.08 | |
| 215 | @a357页@d21cm | |
| 225 | 2 | @a陈敦德外交题材纪实文学系列 |
| 314 | @a陈施德,作家,电影艺术家。二战末年生于战火中的风景名城桂林。1982年毕业于北京电影学院文学系进修班。 | |
| 410 | 0 | @12001 @a陈敦德外交题材纪实文学系列 |
| 517 | 1 | @a开国外交实录@Akai guo wai jiao shi lu |
| 606 | 0 | @a外交史@x史料@y中国@z1949 |
| 606 | 0 | @a报告文学@y中国@z1949 |
| 690 | @aD829@v4 | |
| 690 | @aI252@v4 | |
| 701 | 0 | @a陈敦德@Achen dun de@4著 |
| 801 | 0 | @aCN@bCEPC@c20041011 |
| 905 | @a10447@dD829@eC390 | |
| 崛起在1949:开国外交实录/陈敦德著.-北京:世界知识出版社,2001.08 |
| 357页;21cm.-(陈敦德外交题材纪实文学系列) |
| ISBN 7-5012-1503-0:CNY 21.00 |
| ● |
| 相关链接 |
|
|
|
正题名:崛起在1949
索取号:D829/C390
 
预约/预借
| 序号 | 登录号 | 条形码 | 馆藏地/架位号 | 状态 | 备注 |
| 1 | 399080 | 203990805 | 社科库509/509社科库 79排4列1层/ [索取号:D829/C390] | 在馆 | |
| 2 | 399081 | 203990814 | 社科库509/509社科库 79排4列1层/ [索取号:D829/C390] | 在馆 | |
| 3 | 399082 | 203990823 | 社科库509/509社科库 79排4列1层/ [索取号:D829/C390] | 在馆 |